Statistiques concernant Pays de la Mer du Nord

Cliquez ici pour prendre le quiz!

Statistiques générales

  • Ce quiz a été pris 24 488 fois
  • Le résultat moyen est 6 sur 7

Statistiques - réponses

Pays% Correct
Royaume-Uni
95%
Danemark
94%
Pays-Bas
94%
Belgique
92%
Norvège
92%
France
91%
Allemagne
86%

Distribution des résultats

Percentile par nombre de réponses

% des personnes avec chaque résultat

Votre développement - résultats

Vous n’avez pas pris ce quiz